Principles and practice of management accountancy (Record no. 5030)
[ view plain ]
| 000 -LEADER | |
|---|---|
| fixed length control field | 00625nam a2200217Ia 4500 |
| 003 - CONTROL NUMBER IDENTIFIER | |
| control field | IN-BaIIA |
| 008 - FIXED-LENGTH DATA ELEMENTS--GENERAL INFORMATION | |
| fixed length control field | 211028s9999 xx 000 0 eng d |
| 020 ## - INTERNATIONAL STANDARD BOOK NUMBER | |
| International Standard Book Number | 0-7121-1655-9 |
| 040 ## - CATALOGING SOURCE | |
| Transcribing agency | IIA Library |
| 080 ## - UNIVERSAL DECIMAL CLASSIFICATION NUMBER | |
| Universal Decimal Classification number | 657.47 |
| Item number | BRO |
| 100 ## - MAIN ENTRY--PERSONAL NAME | |
| Personal name | Brown, J. Lewis |
| 9 (RLIN) | 8940 |
| 245 #0 - TITLE STATEMENT | |
| Title | Principles and practice of management accountancy |
| Statement of responsibility, etc. | J. Lewis Brown and Leslie R. Howard |
| 250 ## - EDITION STATEMENT | |
| Edition statement | 3rd ed. |
| 260 ## - PUBLICATION, DISTRIBUTION, ETC. | |
| Place of publication, distribution, etc. | London |
| Name of publisher, distributor, etc. | The English Language Book Society |
| Date of publication, distribution, etc. | 1975 |
| 300 ## - PHYSICAL DESCRIPTION | |
| Extent | xii, 756p. |
| 650 ## - SUBJECT ADDED ENTRY--TOPICAL TERM | |
| Topical term or geographic name entry element | Accountancy |
| 9 (RLIN) | 8941 |
| 650 ## - SUBJECT ADDED ENTRY--TOPICAL TERM | |
| Topical term or geographic name entry element | Management |
| 9 (RLIN) | 7079 |
| 650 ## - SUBJECT ADDED ENTRY--TOPICAL TERM | |
| Topical term or geographic name entry element | NASA Thesaurus |
| 700 ## - ADDED ENTRY--PERSONAL NAME | |
| Personal name | Howard, Leslie R |
| 9 (RLIN) | 8942 |
| 942 ## - ADDED ENTRY ELEMENTS (KOHA) | |
| Koha item type | Books |
| Withdrawn status | Lost status | Damaged status | Not for loan | Home library | Current library | Shelving location | Date acquired | Total Checkouts | Full call number | Barcode | Date last seen | Price effective from | Koha item type |
|---|---|---|---|---|---|---|---|---|---|---|---|---|---|
| IIA Library-Bangalore | IIA Library-Bangalore | General Stacks | 10/09/1976 | 657.47/ BRO | 5620 | 05/11/2021 | 10/09/1976 | Books |